Spain Geography Quiz - Statistics

General Stats
  • This quiz has been taken 14 times
  • The average score is 13 of 19
Answer Stats
Hint Answer % Correct
Second most populous city Barcelona
100%
Bordering Country France
100%
Capital Madrid
100%
Bordering Country Portugal
100%
Bordering Country Andorra
93%
Body of water separating Spain from Africa Strait of Gibraltar
93%
Peninsula Spain is located on Iberian Peninsula
86%
Sea to the east Mediterranean Sea
86%
Islands containing the above Canary Islands
79%
Archipelago off eastern coast Balearic Islands
71%
Mountain on northeast border Pyrenees
71%
Mountains in that region Sierra Nevada
57%
Longest river on the peninsula Tagus
57%
Highest peak Mount Teide
50%
Only major river to flow eastward and longest entirely within Spain Ebro
43%
Major navigable river that flows through the above Guadalquivir
29%
Southern plain Andalusian Plain
14%
Large plateau covering central Spain Meseta Central
14%
Nickname for northern coast Green Spain
7%
No matching quizzes found
Score Distribution
Percent of People with Each Score
Percentile by Number Answered
Your Score History
You have not taken this quiz